| 000 | 00558nam a22001937a 4500 | ||
|---|---|---|---|
| 005 | 20251108173622.0 | ||
| 008 | 250721s2007 xx 000 0 ara d | ||
| 082 | 1 | 4 | _a720.9/ مال |
| 100 | 1 |
_aالمالكي، قبيلة فارس _eمراجع |
|
| 245 | 1 | 0 | _aتاريخ العمارة عبر العصور / |
| 246 | 1 | 1 | _ahISTORY OF aRCHITUVE |
| 264 | 1 |
_aعمان : _bدار المناهج، _c2007. |
|
| 300 | _a328ص. | ||
| 650 | 1 | 7 | _aالعمارة |
| 650 | 1 | 7 | _aالتاريخ |
| 650 | 1 | 7 | _aالمباني |
| 942 |
_2ddc _cBK |
||
| 999 |
_c108253 _d108253 |
||